| 000 | 00826nam a2200169 a 4500 | ||
|---|---|---|---|
| 008 | 120416s0000 ||||||||||||||||| || u | ||
| 020 | _a0074638181 | ||
| 050 | _aTA 153 Pal | ||
| 100 | _aPalanichamy, M. S | ||
| 245 | 1 | 0 | _aBasic civil engineering |
| 250 | _a3rd ed. | ||
| 260 |
_aNew Delhi _bTata McGraw-Hill _c2000 |
||
| 350 | _a0.00 | ||
| 995 |
_D0.00 _FCBU-MAIN LIBRARY (Kitwe) _H3 _I25.95 _M3 _UDAMAGED _WJul 6, 2006 _ZMain Library Open Access Collection |
||
| 995 |
_D0.00 _FCBU-MAIN LIBRARY (Kitwe) _H1 _I25.95 _M1 _UDAMAGED _ZMain Library Open Access Collection |
||
| 995 |
_D0.00 _FCBU-MAIN LIBRARY (Kitwe) _H2 _I25.95 _M2 _UAVAILABLE _WJun 22, 2006 _ZMain Library Open Access Collection |
||
| 999 |
_c80988 _d80988 |
||